Magasodó falak között Szegedi új ipartelepek, lakóházak szemléje /
Elmentve itt :
| Szerző: | |
|---|---|
| Dokumentumtípus: | Cikk |
| Megjelent: |
1966-03-13
|
| Sorozat: | Délmagyarország
56 No. 61 |
| Kulcsszavak: | Építkezés Szeged 1966, lakóházépítések, felújítások, építőipar |
| Online Access: | http://dmarchiv.bibl.u-szeged.hu/64321 |
| LEADER | 00558nab a2200157 i 4500 | ||
|---|---|---|---|
| 001 | delm64321 | ||
| 005 | 20180927151330.0 | ||
| 008 | 180927s1966 hu o 0|| hun d | ||
| 040 | |a SZTE Délmagyarország Archívum |b hun | ||
| 041 | |a hun | ||
| 100 | 1 | |a Lőkös Zoltán | |
| 245 | 1 | 0 | |a Magasodó falak között |h [elektronikus dokumentum] : |b Szegedi új ipartelepek, lakóházak szemléje / |c Lőkös Zoltán |
| 260 | |c 1966-03-13 | ||
| 300 | |a 3 | ||
| 490 | 0 | |a Délmagyarország |v 56 No. 61 | |
| 695 | |a Építkezés Szeged 1966, lakóházépítések, felújítások, építőipar | ||